00566pab a2200181 454500008004000000100001800040245009300058260000900151300001300160362000800173650001200181700001700193773003700210908000600247909001000253999001700263952010400280180718b2011 xxu||||| |||| 00| 0 eng d aKnox, Rosanne aA state of readiness: An exploration of the client's role in meeting at relational depth c2011 ap.61-81. aJan aTherapy aCooper, Mick aJournal of Humanistic Psychology aN a91938 c91938d91938 00104070aIIPAbIIPAd2018-07-19hVolume no: 51, Issue no: 1pAR92398r2018-07-19w2018-07-19yAR